000 00208nam a22000857a 4500
008 170626b xxu||||| |||| 00| 0 eng d
100 _93692
_aBhatia. R
245 _aEducational Psycology
260 _aNew Delhi
_c2009
999 _c7114
_d7114